000 00685nam a22002177a 4500
999 _c14819
_d14819
003 AR-CdUCM
008 190424b ||||| |||| 00| 0 spa d
020 _a978-84-683-0365-9
040 _aMUNICIPALIDAD PROVINCIAL DEL CUSCO
_cBIBLIOTECA MUNICIPAL DEL CUSCO
041 _heng.
082 _aPI / 613 /
_bA65
100 _aAranega, Merce
_933731
245 _aHigiene personal :
_bEl dragón Simón y el gigante basura /
260 _aBarcelona :
_bEd. Cast. EDEBE,
_c2012.
300 _bIlustración,
_c20 cm.
650 _aHigiene
_925829
650 _aTexto infantil
_929090
700 _aElena Valencia (traductor)
_933732
942 _2ddc
_cLIBROS
945 _arjall
_d2019-04-24